000 00716nam a22002297a 4500
005 20170124110041.0
010 _a989045
020 _c00.00
_a0706910036
035 _a989045
037 _bCen Lib/Ret
040 _aDPL
_bEN
082 _a881.08
_bTWO
245 _aTwo decades of Indian poetry :
_cedited by Keki N.Daruwalla
_b1960-1980 /
260 _bVikas Publishing House
_c1980
_aGhaziabad
270 _a20/4, Industrial Area,Sahibabad
_bUttar Pradesh
300 _axl,176p.
_c19cm(Hb)
500 _aIncludes index
650 _aIndic poetry (English) -- 20th century
_923660
650 _aAnthologie
_923661
700 _aDaruwalla, Keki N.
_923662
942 _2ddc
_cEN
_h881.08
_mTWO
999 _c128519
_d128519